000 00600nam a2200229Ia 4500
003 OSt
005 20221007075150.0
006 a|||||r|||| 00| 0
007 ta
008 221006b |||||||| |||| 00| 0 eng d
024 _a17,097
037 _cTextual
040 _aFLL
_cFLL
_beng
041 _2eng
_aeng
082 _aXM2.2N7, M6
100 _aSahai Krishna
245 0 _aSocialist movement in India
260 _aNew Delhi
_bClassical Publishing Co. India
_c1986
300 _a204p
_ccm.
942 _hXM2.2N7, M6
_cTEXL
_2CC
999 _c1155048
_d1155048